00674 2200181 4500245005400000020002200054250001100076100002100087650003400108650001600142005001900158260003500177041001400212084001000226300002200236500022500258336000900483 aLet's Go Around The WorldcDyah PrameswariehText a978-979-788-357-7 aCet. 1 aDyah Prameswarie aPerjalanan Mengelilingi Dunia aBenua-Benua a20241011110406 aJakartabPenebar Swadayac2019 aIndonesia a910.4 a140 hlm. :cilus. aBuku ini akan mengajak pembaca untuk berjalan mengelilingi lima benua yang ada di dunia. Di dalamnya akan banyak sekali cerita-cerita yang akan menguak fakta-fakta bersjarah yang pastinya sangat menarik untuk dipelajari. atext